Do you really? lyrics (Lyn Lapid) - Statistics

General Stats
  • This quiz has been taken 27 times
  • The average score is 276 of 326
Answer Stats
Answer % Correct
are
100%
Do
100%
Do
100%
(Do
100%
fall
100%
happy
100%
I
100%
in
100%
just
100%
love?
100%
love
100%
love?)
100%
me
100%
me?
100%
me)
100%
on
100%
on?
100%
Or
100%
really
100%
the
100%
to
100%
wanna
100%
you
100%
You
100%
you)
100%
around?
94%
down?
94%
find
94%
lead
94%
mess
94%
one?
94%
settle
94%
(hey
89%
hey
89%
hey)
89%
we
89%
and
72%
for
72%
her
72%
if
72%
If
72%
it
72%
go?
67%
grow
67%
let
67%
this
67%
were
67%
won't
67%
but
61%
But
61%
givin'
61%
have
61%
heart
61%
high
61%
hints
61%
hopes
61%
my
61%
say
61%
so
61%
Wonder
61%
break
56%
get
56%
Havin'
56%
here
56%
home
56%
up
56%
winks
56%
yeah
56%
choose
50%
drive
50%
even
50%
into
50%
ring
50%
still
50%
takin'
50%
you're
50%
know
44%
Openin'
44%
outta
44%
wait
44%
(wait
44%
again
39%
leave
39%
prove
39%
all
33%
forsaken
33%
grown
33%
that
33%
then
33%
Tryna
33%
lonesome
28%
sewn
28%
told
28%
Will
28%
will
28%
you've
28%
holdin'
22%
bet
17%
mm-
0%
mm
0%
No matching quizzes found
Score Distribution
Percent of People with Each Score
Percentile by Number Answered
Your Score History
You have not taken this quiz